000 00538nam a2200193Ia 4500
001 12325
003 GE_BSU
008 181216s||||||||xx |||||||||||||| ||und||
040 _cGE_BSU
080 _a632(035)
245 _aИммунитет и покой растении
245 _cРед.Феодориди Н.М.Худ.Дмиттриади В.Д.
260 _aМосква
260 _bНаука
260 _c1972
300 _a265стр.22см.
653 _aИммунитет и покой растении
942 _cBK
999 _c45500
_d45500